000
00253nam a22000977a 4500
008
240219b |||||||| |||| 00| 0 eng d
082
_a
595.7 M68i Ej.1
100
1
0
_a
Mound, Laurence
_e
autor
_9
43438
245
_a
Los insectos /
_c
Laurence Mound
942
_2
ddc
999
_c
30611
_d
16995